Matemática de primaria (+ - * /) - Estadísticas

Estadísticas generales
  • Esta prueba ha sido intentada 114 veces
  • La puntuación promedio es 12 de 16
Estadísticas de respuestas
Pregunta Respuesta % Correcto
4+9 13
100%
44+99 143
98%
3*7 21
98%
5*(4+5) 45
98%
345*100 34500
97%
80-23*3 11
90%
(52-5)*2 94
89%
31-30/5 25
85%
82-13*5 17
76%
(1+2+3+4)*(5+6+7+8) 260
73%
435+489 924
73%
102*3-102/3 272
51%
(123+321)*1*(2+3) 2220
46%
510/17*6 180
35%
5*(43-18)+876 1001
34%
54*296/37 432
28%
No se encontraron pruebas coincidentes
Distribución de puntuación
Porcentaje de gente con cada puntuación
Porcentaje por número respondido
Historial de tus puntuaciones
No has intentado esta prueba.